| 000 | 00600nam a22001697a 4500 | ||
|---|---|---|---|
| 008 | 230329b |||||||| |||| 00| 0 eng d | ||
| 020 | _a0-12-404505-7 | ||
| 040 |
_aNational Science Library _cNational Science Library |
||
| 080 |
_a541.183(082.2) _bL7 |
||
| 245 |
_aColloid and interface science _c/Academic Press Inc., Biocolloids, polymers, monolayers, membranes, and general papers, Vol. I |
||
| 260 |
_aNew York: _bAcademic Press Inc., _c1976 |
||
| 300 | _axvi, 507p. | ||
| 650 | _aColloid science | ||
| 653 | _aInterface science | ||
| 700 | _aKerker, Milton, (Ed.) | ||
| 942 |
_2udc _cBK |
||
| 999 |
_c16243 _d16243 |
||